00322nam a2200109Ia 4500008004100000245003300041245005700074250001200131260000900143650001200152856004800164171204s9999 xx 000 0 und d aBiology: the dynamic science cBeverly McMillan, Paul E. Hertz, and Peter J. Russel a4th ed. c2016 xBiology uhttp://down.ebook777.com/052/1305389891.pdf